Представление документа в формате RUSMARC

ПолеНазваниеЗначение
  Тип записи a
  Библиографический уровень m
001 Контрольный номер RU/IS/BASE/545233617
005 Дата корректировки 20240209174722.1
010 Индекс ISBN __
a ISBN
b Уточнения в пер.
d Цена 8 р. 00 к.
9 Тираж экз.
100 Данные общей обработки __
a Данные общей обработки 20170411d2017 ||| 0rusy0189 ca
101 Язык документа 0_
a Язык текста rus
102 Страна публикации __
a Страна публикации RU
105 Кодированные данные (монография) __
a Кодированные данные (монография) y###||||000|y
200 Заглавие и сведения об ответственности 1_
a Заглавие Зов дальних морей
b Общее обозначение материала Текст
f Первые сведения об ответственности А. Б. Давидсон, В. А. Макрушин
210 Выходные данные 1_
a Место издания Москва
c Издательство Наука
d Дата издания 1979
215 Физическое описание __
a Объем 326 с.
c Иллюстрации/тип воспроизводства ил.
d Формат см.
300 Общие примечания __
a Общие примечания Ограничения по возрасту - 16+
300 Общие примечания __
a Общие примечания Под инв. номером 103202: 25-1
606 Тематические рубрики 0_
a Основная рубрика Морские путешествия - 18 в.
606 Тематические рубрики 0_
a Основная рубрика Географические открытия и исследования - 18 в.
610 Ключевые слова 0_
a Ключевые слова путешествия морские
a Ключевые слова открытия географические
a Ключевые слова исследования географические
686 Индексы других классификаций __
a Классификационный индекс 63.3(2)46
2 Код системы ББК
686 Индексы других классификаций __
a Классификационный индекс 26.8г
2 Код системы ББК
700 Автор _0
a Фамилия Давидсон
b Имя (инициалы) Аполлон Борисович
g Полное личное имя А. Б.
701 Альтернативная интеллектуальная ответственность _0
a Фамилия Макрушин
b Имя (инициалы) В. А.
801 Источник записи _0
a Страна RU
b Организация МБУК ЦБС
c Дата составления 20170411
g Правила каталогизации RCR
801 Источник записи _1
a Страна RU
b Организация МБУК ЦБС г. Ульяновска
c Дата составления 20170411
g Правила каталогизации RCR
899 Данные о местонахождении __
i Авторский знак Д 13
j Расстановочный фильтр 63.3(2)4
901 Тип документа __
t Тип документа m
910 Корректоры записи __
a Корректор записи Тихонова